00381nam a22001097a 4500008004100000050001300041245009400054260005600148300001800204700002400222700002500246160909b xxu||||| |||| 00| 0 eng d a219/2008 aOnline Sale System for Dream - Wood FurniturecWutoh Genevieve M. and Gyebi Francis Asare aAccra.:bWisconsin International University,c2008. aVarious pgs.: aWutoh, Genevieve M. aGyebi, Francis Asare